000 00260nam a2200109Ia 4500
008 190914s9999||||xx |||||||||||||| ||und||
100 _aJan Williams
245 0 _aSolutions Manual, Accounting
260 _aLondon
_bAddision
_c1998
300 _a747
942 _cBK
999 _c8688
_d8688